00550nam a2200181Ia 450000500170000000800460001703700120006304000200007504100130009508400190010810000190012724500250014626000450017130000100021694200190022699900210024595201020026620250508161335.0008 250505s9999 xx 000 0 eng d aTextual aFEDLbengcFEDL aeng2eng a600, BURqFEDL aBurnett R Will 0aNew world of science aMorristownbSilver Burdett Companyc1953 a504p. cTEXLh600, BUR c1369615d1369615 00104070aFEDLbFEDLd2025-05-08l0o600, BURpEL0056954r2025-05-08 16:13:35w2025-05-08yTEXL